00293 a2200097 4500000002500000005001700025020001800042100003600060245007100096260002800167 nam a22 7a 450020260507153801.0 a9788188457724 aकमला सिंघवी aआधुनिक परिवार में स्त्री bSamayik Prakashanc2024